Statistiques concernant Les 151 premiers Pokémons en ordre

Cliquez ici pour prendre le quiz!

Statistiques générales

  • Ce quiz a été pris 429 fois
  • Le résultat moyen est 76 sur 151

Statistiques - réponses

°Nom% Correct
1Bulbizarre
99%
2Herbizarre
95%
3Florizarre
94%
4Salamèche
94%
5Reptincel
92%
6Dracaufeu
91%
7Carapuce
90%
9Tortank
90%
8Carabaffe
89%
10Chenipan
89%
13Aspicot
88%
11Chrysacier
88%
12Papilusion
88%
14Coconfort
87%
15Dardargnan
85%
21Piafabec
85%
25Pikachu
85%
22Rapasdepic
85%
19Rattata
85%
20Rattatac
85%
18Roucarnage
85%
16Roucool
85%
17Roucoups
85%
26Raichu
84%
23Abo
82%
24Arbok
82%
34Nidoking
82%
31Nidoqueen
82%
29Nidoran femelle
82%
32Nidoran mâle
82%
33Nidorino
82%
30Nidorina
81%
36Mélodelfe
80%
35Mélofée
80%
27Sabelette
80%
28Sablaireau
80%
38Feunard
76%
37Goupix
76%
40Grodoudou
76%
39Rondoudou
76%
42Nosferalto
74%
41Nosferapti
74%
43Mystherbe
69%
44Ortide
69%
45Rafflésia
69%
46Paras
65%
47Parasect
65%
49Aéromite
62%
48Mimitoss
62%
52Miaouss
59%
53Persian
59%
50Taupiqueur
56%
51Triopikeur
56%
55Akwakwak
53%
54Psykokwak
53%
60Ptitard
52%
61Têtarte
52%
59Arcanin
51%
58Caninos
51%
62Tartard
51%
63Abra
50%
65Alakazam
50%
64Kadabra
50%
66Machoc
50%
67Machopeur
50%
68Mackogneur
50%
70Boustiflor
49%
69Chétiflor
49%
57Colossinge
49%
56Férosinge
49%
71Empiflor
48%
74Racaillou
43%
75Gravalanch
42%
76Grolem
42%
72Tentacool
42%
73Tentacruel
42%
151Mew
41%
78Galopa
39%
150Mewtwo
39%
77Ponyta
39%
144Artikodin
37%
148Draco
37%
149Dracolosse
37%
80Flagadoss
37%
147Minidraco
37%
79Ramoloss
37%
145Electhor
36%
146Sulfura
36%
85Dodrio
35%
84Doduo
35%
101Electrode
35%
81Magnéti
35%
82Magnéton
35%
100Voltorbe
35%
83Canarticho
34%
94Ectoplasma
34%
92Fantominus
34%
93Spectrum
34%
87Lamantine
33%
86Otaria
33%
143Ronflex
33%
95Onix
32%
139Amonistar
31%
138Amonita
31%
91Crustabri
31%
97Hypnomade
31%
140Kabuto
31%
141Kabutops
31%
90Kokiyas
31%
142Ptéra
31%
96Soporifik
31%
89Grotadmorv
30%
99Krabboss
30%
98Krabby
30%
103Noadkoko
30%
88Tadmorv
30%
134Aquali
29%
133Evoli
29%
102Noeunoeuf
29%
130Léviator
28%
129Magicarpe
28%
136Pyroli
28%
135Voltali
28%
131Lokhlass
27%
126Magmar
27%
105Ossatueur
27%
104Osselait
27%
137Porygon
27%
127Scarabrute
27%
125Elektek
26%
128Tauros
26%
106Kicklee
25%
124Lippoutou
25%
107Tygnon
25%
123Insécateur
24%
132Métamorph
24%
122M. Mime
24%
108Excelangue
22%
111Rhinocorne
22%
112Rhinoféros
22%
109Smogo
21%
110Smogogo
21%
116Hypotrempe
19%
115Kangourex
19%
113Leveinard
19%
118Poissirène
19%
117Hypocéan
18%
119Poissoroy
18%
114Saquedeneu
18%
120Stari
18%
121Staross
18%

Distribution des résultats

Percentile par nombre de réponses

% des personnes avec chaque résultat

Votre développement - résultats

Vous n’avez pas pris ce quiz